Operations management / (Record no. 1053)

MARC details
000 -LEADER
fixed length control field 00636nam a22002057a 4500
005 - DATE AND TIME OF LATEST TRANSACTION
control field 20230720010029.0
008 - FIXED-LENGTH DATA ELEMENTS--GENERAL INFORMATION
fixed length control field 230213b |||||||| |||| 00| 0 eng d
020 ## - INTERNATIONAL STANDARD BOOK NUMBER
International Standard Book Number 978-981-06-9700-6
082 ## - DEWEY DECIMAL CLASSIFICATION NUMBER
Classification number 658.5 H473 2008
100 ## - MAIN ENTRY--PERSONAL NAME
Personal name Heizer, Jay
Relator term author
245 ## - TITLE STATEMENT
Title Operations management /
Statement of responsibility, etc. Jay Heizer, Barry Render
250 ## - EDITION STATEMENT
Edition statement 9th ed.
260 ## - PUBLICATION, DISTRIBUTION, ETC.
Place of publication, distribution, etc. Singapore:
Name of publisher, distributor, etc. Pearson Education South Asia,
Date of publication, distribution, etc. c2008.
300 ## - PHYSICAL DESCRIPTION
Extent xxxiii, [853]p.;
Other physical details ill.
504 ## - BIBLIOGRAPHY, ETC. NOTE
Bibliography, etc. note Includes bibliographies and index
541 ## - IMMEDIATE SOURCE OF ACQUISITION NOTE
Accession number 3330 c.1, 3331 c.2
650 ## - SUBJECT ADDED ENTRY--TOPICAL TERM
Topical term or geographic name entry element Production management
650 ## - SUBJECT ADDED ENTRY--TOPICAL TERM
Topical term or geographic name entry element Operations research
700 ## - ADDED ENTRY--PERSONAL NAME
Personal name Render, Barry
Relator term author
Holdings
Withdrawn status Lost status Source of classification or shelving scheme Damaged status Not for loan Home library Current library Date acquired Total Checkouts Full call number Barcode Date last seen Date last checked out Copy number Price effective from Koha item type
    Dewey Decimal Classification     ctu-moalboal ctu-moalboal 01/29/2014 1 658.5 H473 2008 3330 08/07/2025 03/22/2023 1 02/13/2023 Books-Reference
    Dewey Decimal Classification     ctu-moalboal ctu-moalboal 01/29/2014   658.5 H473 2008 3331 02/13/2023   2 02/13/2023 Books-Reference